How nature works

Bibliographic Details
Main Author: Burnie, David
Format: Book
Published: London : Dorling Kindersley , 1991
Series:Eyewitness science guides
Subjects:

MARC

LEADER 00000cam a2200000 7i4500
001 0000000956
002 000001064
005 20020925.0
020 |a 0863186416 
090 0 0 |a 507   |b EYE 
100 1 |a Burnie, David 
245 1 0 |a How nature works   |c David Burnie 
260 |a London :   |b Dorling Kindersley ,   |c 1991 
300 |a 192p. :   |b ill. ;   |c 28cm. 
490 0 |a Eyewitness science guides 
650 0 0 |a Ecology 
650 0 0 |a Nature 
999 |a 029657   |b BUKU   |c PINJAMAN   |e PERPUSTAKAAN KOMUNITI PETALING JAYA 
999 |a 045493   |b BUKU   |c JUNIOR REFERENCE   |e PERPUSTAKAAN KOMUNITI CAW KOTA DAMANSARA